000 00898nam a22003017a 4500
001 12084
003 DO-SdBNP
005 20180221154212.0
007 12084
008 021007s2000 sp | ||| ||spa
016 7 _2BPSMU
020 _a9588061563
040 _aBPMSU
_bspa
_cBPMSU
041 1 _aspa
080 0 _a087.5:82
100 1 _aCameron, Ann
240 1 4 _aThe most beautiful place in the world
_lEspañol
245 1 3 _aEl lugar más bonito del mundo
_cAnn Cameron ; ilustraciones, Thomas B. Allen ; traducción, P. Rozarena]
260 _aSantafé de Bogotá, Colombia
_bAlfaguara
_c2000
300 _a69 p. ;
_bil. :
_c20 cm.
490 0 _aAfaguara infantil
700 _aRozarena, P.
_etr.
700 _aAllen, Thomas B.
_eil.
830 _pAfaguara infantil
942 _2ddc
_cBK
945 _aInventariado, 2018 / BT
956 _aVMATEO
_210
_320151117
_6BPMSU
_800151
999 _c8759
_d8759